Normal view
MARC view
Entry Personal Name
001 - CONTROL NUMBER
- control field: 1236889
003 - CONTROL NUMBER IDENTIFIER
- control field: OSt
005 - DATE AND TIME OF LATEST TRANSACTION
- control field: 20260430150232.0
008 - FIXED-LENGTH DATA ELEMENTS
- fixed length control field: 260430|| aca||aabn | a|a d
040 ## - CATALOGING SOURCE
- Original cataloging agency: OSt
- Transcribing agency: OSt
100 ## - HEADING--PERSONAL NAME
- Personal name: Kohli Himani Au.; Sharma Sanjeev Kumar Gu.; Srivastava Sangeeta Gu
670 ## - SOURCE DATA FOUND
- Source citation: Work cat.: (OSt)1849289: Kohli Himani Au.; Sharma Sanjeev Kumar Gu.; Srivastava Sangeeta Gu., Design and Analysis of Electronic healing devices for Biomedical Applications, 2022
